| 000 | 01047nam a22002297a 4500 | ||
|---|---|---|---|
| 005 | 20240530110514.0 | ||
| 008 | 160113s2011 ua g b 000 0 ara d | ||
| 040 | _aEG-CaGPL | ||
| 082 | 0 | 4 |
_221 _a953.0711\ _bح ص |
| 100 | 0 | _aحسين يوسف دويدار | |
| 245 |
_aالصقالبة فى قصور بنى امية فى الاندلس : _b( 138 - 422 هـ ) - ( 755 - 1031 م ) / _cتقديم حسين يوسف دويدار ، عبدالفتاح مصطفى غنيمة ؛ اعداد حمادة فرج النجار |
||
| 260 |
_aالاسكندرية : _bمؤسسة شباب الجامعة ، _c2011 . |
||
| 300 |
_a294 ص ؛ _c24 سم . |
||
| 504 | _aيشتمل على ارجاعات ببليوجرافية | ||
| 650 | 0 | 4 | _aتجارة الرقيق |
| 650 | 0 | 4 | _aالدولة الاموية فى الاندلس |
| 650 | 0 | 4 | _aدولة الصقالبة |
| 700 | 0 |
_aعبدالفتاح مصطفى غنيمة _eمقدم |
|
| 700 | 0 |
_aحمادة فرج النجار _eمعد |
|
| 942 |
_2ddc _cBK |
||
| 999 |
_c61754 _d61754 |
||